Mystery Categories #2 - Statistics

General Stats
  • This quiz has been taken 96 times
  • The average score is 17 of 30
Answer Stats
Hint Answer % Correct
This flag signals that a motor race stops immediately Red
89%
Jim Davis' lasagna-loving cat Garfield
87%
Person engaged in a fight to the death in ancient Rome Gladiator
87%
The type of rain that Prince sang about Purple
87%
The Roman god of war Mars
84%
Category Colours
83%
Describes someone as cowardly or easily scared Yellow
82%
One who antagonizes others (especially online) Troll
80%
1999 hit song by Eiffel 65 Blue
76%
Payment for the capture of an outlaw Bounty
71%
Category U.S. Presidents
67%
Category Chocolates
66%
Vacuum cleaner company founded in Ohio Hoover
66%
Mascot of Lucky Charms cereal Leprechaun
64%
Daenerys Targaryen, also known as 'The _____ Queen' Dragon
61%
A reptile of the Mesozoic era Dinosaur
58%
A band worn to hold up a stocking or sock Garter
47%
English earl's wife who rode naked through Coventry Godiva
46%
Category Mythical Creatures
46%
Nemesis of the G.I. Joe team Cobra
43%
Category Snakes
42%
Storm, Rogue, Gambit, etc X-Men
42%
Sports car manufactured by Dodge Viper
38%
Major city on the southern shore of Lake Erie Cleveland
37%
1997 movie starring Jennifer Lopez and Ice Cube Anaconda
32%
British brand of traditionally green washing-up liquid Fairy
30%
Category Movies
30%
Cathedral city in the East Midlands of England Lincoln
21%
An attempt to seize something suddenly Snatch
21%
Spanish word for 'cup' Taza
20%
No matching quizzes found
Score Distribution
Percent of People with Each Score
Percentile by Number Answered
Your Score History
You have not taken this quiz